<?xml version="1.0" encoding="UTF-8"?>
<collection xmlns="http://www.loc.gov/MARC21/slim">
 <record>
  <leader>01096nam a22002177a 4500</leader>
  <controlfield tag="001">NCT_96629</controlfield>
  <controlfield tag="008">220304b        xxu||||| |||| 00| 0 vie d</controlfield>
  <datafield tag="999" ind1=" " ind2=" ">
   <subfield code="c">4807</subfield>
   <subfield code="d">4807</subfield>
  </datafield>
  <datafield tag="020" ind1=" " ind2=" ">
   <subfield code="a">9786045846889</subfield>
   <subfield code="c">298000</subfield>
  </datafield>
  <datafield tag="082" ind1="0" ind2="4">
   <subfield code="2">23rd ed.</subfield>
   <subfield code="a">428.24</subfield>
   <subfield code="b">L665</subfield>
  </datafield>
  <datafield tag="100" ind1="1" ind2=" ">
   <subfield code="a">Levin, Frank</subfield>
  </datafield>
  <datafield tag="245" ind1="1" ind2="0">
   <subfield code="a">English for tourism and restaurants</subfield>
   <subfield code="n">Book 2</subfield>
   <subfield code="c">Frank Levin, Peg Tinsley ; Judy Majewski (Proofreader)</subfield>
  </datafield>
  <datafield tag="260" ind1=" " ind2=" ">
   <subfield code="a">Tp. Hồ Chí Minh</subfield>
   <subfield code="b">Tổng hợp Tp. Hồ Chí Minh</subfield>
   <subfield code="c">2016</subfield>
  </datafield>
  <datafield tag="300" ind1=" " ind2=" ">
   <subfield code="a">209 p.</subfield>
   <subfield code="b">ill.</subfield>
   <subfield code="c">30cm</subfield>
   <subfield code="e">1 CD - ROM</subfield>
  </datafield>
  <datafield tag="520" ind1="3" ind2=" ">
   <subfield code="a">Contents: Pronunciation and Intonation; Greetings and Self-Introduction; Cardinal Numbers; Cardinal Numbers and Ordinal Numbers; Offering Apologies; Offering Polite Refusals and Saying Thanks; Expressions of Time; Expressions of Dates</subfield>
  </datafield>
  <datafield tag="653" ind1=" " ind2=" ">
   <subfield code="a">Ngôn ngữ Anh</subfield>
  </datafield>
  <datafield tag="700" ind1="1" ind2=" ">
   <subfield code="a">Tinsley, Peg </subfield>
  </datafield>
  <datafield tag="700" ind1="1" ind2=" ">
   <subfield code="a">Majewski, Judy </subfield>
   <subfield code="e">Proofreader</subfield>
  </datafield>
  <datafield tag="942" ind1=" " ind2=" ">
   <subfield code="2">ddc</subfield>
   <subfield code="c">BK</subfield>
  </datafield>
  <datafield tag="952" ind1=" " ind2=" ">
   <subfield code="0">0</subfield>
   <subfield code="1">0</subfield>
   <subfield code="2">ddc</subfield>
   <subfield code="4">0</subfield>
   <subfield code="6">428_240000000000000_L665</subfield>
   <subfield code="7">0</subfield>
   <subfield code="9">22216</subfield>
   <subfield code="a">000001</subfield>
   <subfield code="b">000001</subfield>
   <subfield code="d">2022-03-04</subfield>
   <subfield code="o">428.24 L665</subfield>
   <subfield code="p">MD.19261</subfield>
   <subfield code="r">2022-03-04</subfield>
   <subfield code="v">298000.00</subfield>
   <subfield code="w">2022-03-04</subfield>
   <subfield code="y">BK</subfield>
  </datafield>
  <datafield tag="980" ind1=" " ind2=" ">
   <subfield code="a">Thư viện Trường Đại học Nam Cần Thơ</subfield>
  </datafield>
 </record>
</collection>
